000 00493nam a22001937a 4500
999 _c8210
_d8210
003 BD-JhCC
005 20180219125056.0
008 180219b2011 bg ||||| |||| 00| 0 ben d
035 _a(BD-JhCC)
040 _aBD-JhCC
_dBD-JhCC
041 _aben
082 _a780.00
_b2011
100 _aহাবিব, আহসান
245 _aসংগীত কণ্ঠ /
_cআহসান হাবিব
300 _a75 p. :
_c22 cm.
650 _aMusic
942 _2ddc
_cBK